Language Quiz

Random Language or Song Quiz

Christmas Songs in Latin Quiz Stats

 Plays Quiz Updated Dec 6, 2015

Challenge
Share
Tweet
Embed
Score 0/20 Timer 05:00
0 Plays Today
Latin Title English Title % Correct
RudolphusRudolph, The Red-Nosed Reindeer
91.2%
Tranquilla noxSilent Night
89.6%
XII dies natalisThe Twelve Days of Christmas
82%
Primum noelThe First Noel
80.8%
O parve vice BethlehemO Little Town of Bethlehem
72.8%
Orientis reges tres sunt nosWe Three Kings of Orient Are
61.5%
Adeste fidelesO Come All Ye Faithful
61%
Veni veni EmmanuelO Come, O Come, Emmanuel
57.2%
Gaudium mundoJoy to the World
50.4%
Rex WenceslausGood King Wenceslas
50.2%
Latin Title English Title % Correct
O abiesO Christmas Tree
44.7%
Tinniat TintinnabulumJingle Bells
34.2%
Angeli canunt praeconesHark! The Herald Angels Sing
31.5%
Dies christi albusWhite Christmas
31.3%
Regis olim urbe DavidOnce in Royal David's City
25.9%
Procul in praesaepiAway in a Manger
22.4%
Aquafolia ornatisDeck the Halls
19.7%
Frigus vir nivisFrosty the Snowman
17.6%
Sit prosperus iesus natiWe Wish You a Merry Christmas
12.3%
O viri, este hilaresGod Rest Ye Merry Gentlemen
11.7%

You're not logged in!

Compare scores with friends on all Sporcle quizzes.
Join for Free
OR
Log In

You Might Also Like...

Show Comments

Extras

Top Quizzes Today


Score Distribution

Your Account Isn't Verified!

In order to create a playlist on Sporcle, you need to verify the email address you used during registration. Go to your Sporcle Settings to finish the process.

Report this User

Report this user for behavior that violates our Community Guidelines.

Details: